004700000a2200109000450024501910000065000350019165000280022665000230025404100140027711000420029177300270033310aCambio climático y la diversidad biológica: cooperación entre el convenio sobre la diversidad biológica y la convención marco de las naciones unidas sobre el cambio climático14aIncentivos a la conservación14aPolíticas ambientales14aProtocolo de Kioto0 aEspañol1 aConvenio sobre Diversidad Biológica1 tPreprint33q1-7d2000